[Event "Montigny le Bretonneux op 20th"]
[Site "Montigny le Bretonneux"]
[Date "2022.10.26"]
[Round "5"]
[White "Montay, Jean Paul"]
[Black "Ndika, Anthony"]
[Result "1-0"]
[WhiteElo "1229"]
[BlackElo "1265"]
[PlyCount "61"]
[EventDate "2022.10.22"]
[EventType "swiss"]
[EventRounds "9"]
[EventCountry "FRA"]
[SourceTitle "EXT 2024"]
[Source "ChessBase"]
[SourceDate "2023.10.10"]
[SourceVersion "1"]
[SourceVersionDate "2023.10.10"]
[SourceQuality "1"]

1. e4 c5 2. Nf3 Nc6 3. Bb5 g6 4. Bxc6 bxc6 5. d4 Bg7 6. 0-0 cxd4 7. Nxd4 e5 8. Nf3 d5 9. Nc3 Ne7 10. Bg5 d4 11. Ne2 0-0 12. Qd3 Qc7 13. Qc4 Bg4 14. Nd2 Rfe8 15. c3 Bxe2 16. Qxe2 c5 17. cxd4 cxd4 18. Rac1 Qd7 19. Nb3 Qa4 20. Qd3 Qxa2 21. Rc2 Qa4 22. Nc5 Qb4 23. Na6 Qb6 24. Nc7 Nc6 25. Nxa8 Rxa8 26. Bd2 Bf8 27. Rc4 Qb5 28. Rfc1 Nb4 29. Bxb4 Bxb4 30. Rc8+ Rxc8 31. Rxc8+ 1-0